|
|
|
|
| LEADER |
01144nam a2200253 a 4500 |
| 001 |
3706869 |
| 008 |
100802s1978 fr a b i000 0 eng d |
| 010 |
|
|
|a 79320040
|
| 020 |
|
|
|a 9264117210
|
| 040 |
|
|
|a DLC
|c DLC
|d DLC
|
| 082 |
0 |
0 |
|a 350/.82/091724
|
| 100 |
1 |
|
|a Imboden, N.
|
| 245 |
1 |
2 |
|a A management approach to project appraisal and evaluation :
|b with special reference to non-directly productive projects /
|c by N. Imboden.
|
| 260 |
|
|
|a Paris :
|b Development Centre of the Organisation for Economic Co-operation and Development ;
|a Washington, D.C. :
|b sold by OECD Publications Center,
|c 1978.
|
| 300 |
|
|
|a 172 p. :
|b ill. ;
|c 24 cm.
|
| 490 |
1 |
|
|a Development Centre studies
|
| 504 |
|
|
|a Includes bibliographies.
|
| 541 |
1 |
|
|e 00000155
|
| 651 |
|
0 |
|a Developing countries
|x Economic policy.
|
| 650 |
|
0 |
|a Economic development projects
|x Evaluation.
|
| 830 |
|
0 |
|a Development Centre studies.
|
| 852 |
4 |
|
|a Ayesha Abed Library
|j General shelf
|
| 999 |
|
|
|c 9383
|d 9383
|
| 952 |
|
|
|0 0
|1 0
|2 ddc
|4 0
|6 350_820917240000000_IMB_1978
|7 0
|9 12161
|a BRACUL
|b BRACUL
|c GEN
|d 2010-09-29
|g 935.00
|l 2
|m 5
|o 350.82091724 IMB
|p 3010000155
|r 2016-07-21
|s 2016-07-14
|t 1
|w 2010-09-29
|y BK
|